• 首页
  • 本馆介绍
  • 公告通知
  • 最新文献
  • 馆藏检索
  • 电子资源
  • 读者导购
  • 参考咨询
  • 我的图书馆
  • 登录
  • 详细信息显示
  • 放入我的书架
  • 预约/预借图书
  • 作者相关作品
  • 分类相关作品
  • 丛书相关作品
  • 出版社相关作品

书目信息

  • 表格格式
  • 工作单格式
  • 卡片格式
题名:
架空输电线路无人机巡检作业技术
    
 
作者: 李卫胜 , 李启昌 主编
分册:  
出版信息: 北京   中国水利水电出版社  2019
页数: 221页
开本: 24cm
丛书名:
单 册:
中图分类: TM726.3
科图分类:
主题词: 无人驾驶飞机--应用--架空线路--输电线路--巡回检测
电子资源:
ISBN: 978-7-5170-5007-0
000 00930nam0 2200229 450
001 2333910658
005 20231224121118.71
010    @a978-7-5170-5007-0@dCNY69.00
100    @a20190406d2019 em y0chiy50 ea
101 0  @achi
102    @aCN@b110000
105    @aa z 000yy
200 1  @a架空输电线路无人机巡检作业技术@9jia kong shu dian xian lu wu ren ji xun jian zuo ye ji shu@f李卫胜,李启昌主编
210    @a北京@c中国水利水电出版社@d2019
215    @a221页@c图@d24cm
330    @a本书重点从架空输电线路概述、输电线路金具、无人机系统原理、无人机法律法规及标准规范、架空输电线路无人机巡检系统、无人机巡检标准化作业、无人机巡检安全注意事项及应急处理措施等方面对无人机巡检作业技术进行讲解。
606 0  @a无人驾驶飞机@x应用@x架空线路@x输电线路@x巡回检测
690    @aTM726.3@v5
701  0 @a李卫胜@9li wei sheng@4主编
701  0 @a李启昌@9li qi chang@4主编
801  0 @aCN@b山东中教@c20190406
905    @aBZT@dTM726.3@e2
    
    架空输电线路无人机巡检作业技术/李卫胜,李启昌主编.-北京:中国水利水电出版社,2019
    221页:图;24cm
    
    
    ISBN 978-7-5170-5007-0:CNY69.00
    本书重点从架空输电线路概述、输电线路金具、无人机系统原理、无人机法律法规及标准规范、架空输电线路无人机巡检系统、无人机巡检标准化作业、无人机巡检安全注意事项及应急处理措施等方面对无人机巡检作业技术进行讲解。
●
相关链接 在五车中查询图书 在当当中查询图书 在豆瓣中查询图书


正题名:架空输电线路无人机巡检作业技术     索取号:TM726.3/2         预约/预借

序号 登录号 条形码 馆藏地/架位号 状态 备注
1 2000981139   2000981139   中教第一批/山东中教(第一批)/445/ [索取号:TM726.3/2] 在馆    
2 2000981140   2000981140   中教第一批/山东中教(第一批)/445/ [索取号:TM726.3/2] 在馆    
3 2000981141   2000981141   中教第一批/山东中教(第一批)/445/ [索取号:TM726.3/2] 在馆    
4 2000981142   2000981142   中教第一批/山东中教(第一批)/445/ [索取号:TM726.3/2] 在馆    
5 2000981143   2000981143   中教第一批/山东中教(第一批)/445/ [索取号:TM726.3/2] 在馆    
6 2000981144   2000981144   中教第一批/山东中教(第一批)/445/ [索取号:TM726.3/2] 在馆    
7 2001371382   2001371382   516书库/ [索取号:TM726.3/2] 在馆    
8 2001371383   2001371383   516书库/ [索取号:TM726.3/2] 在馆    
9 2001371384   2001371384   516书库/ [索取号:TM726.3/2] 在馆    
10 2001371385   2001371385   516书库/ [索取号:TM726.3/2] 在馆    
11 2001371386   2001371386   516书库/ [索取号:TM726.3/2] 在馆    
12 2001371387   2001371387   516书库/ [索取号:TM726.3/2] 在馆    
13 2001371388   2001371388   516书库/ [索取号:TM726.3/2] 在馆    
14 2001371389   2001371389   516书库/ [索取号:TM726.3/2] 在馆    
15 2001371390   2001371390   516书库/ [索取号:TM726.3/2] 在馆    
16 2001371391   2001371391   516书库/ [索取号:TM726.3/2] 在馆    
17 2001371392   2001371392   516书库/ [索取号:TM726.3/2] 在馆    
18 2001371393   2001371393   516书库/ [索取号:TM726.3/2] 在馆    
19 2001371394   2001371394   516书库/ [索取号:TM726.3/2] 在馆    
20 2001371395   2001371395   516书库/ [索取号:TM726.3/2] 在馆    
21 2001371396   2001371396   516书库/ [索取号:TM726.3/2] 在馆    
22 2001371397   2001371397   516书库/ [索取号:TM726.3/2] 在馆    
23 2001371398   2001371398   516书库/ [索取号:TM726.3/2] 在馆    
24 2001371399   2001371399   516书库/ [索取号:TM726.3/2] 在馆    
25 2001371400   2001371400   516书库/ [索取号:TM726.3/2] 在馆    
26 2001371401   2001371401   516书库/ [索取号:TM726.3/2] 在馆    
27 2001371402   2001371402   516书库/ [索取号:TM726.3/2] 在馆    
28 2001371403   2001371403   516书库/ [索取号:TM726.3/2] 在馆    
29 2001371404   2001371404   516书库/ [索取号:TM726.3/2] 在馆    
30 2001371405   2001371405   516书库/ [索取号:TM726.3/2] 在馆    
31 2001371406   2001371406   516书库/ [索取号:TM726.3/2] 在馆    
32 2001371407   2001371407   516书库/ [索取号:TM726.3/2] 在馆    
33 2001371408   2001371408   516书库/ [索取号:TM726.3/2] 在馆    
34 2001371409   2001371409   516书库/ [索取号:TM726.3/2] 在馆    
35 2001371410   2001371410   516书库/ [索取号:TM726.3/2] 在馆    
36 2001371411   2001371411   516书库/ [索取号:TM726.3/2] 在馆    
山东省滨州职业学院图书馆 欢迎您!
大连网信软件有限公司© 版权所有